000 00882nam a2200241Ia 4500
003 OSt
005 20220923224118.0
006 a|||||r|||| 00| 0
007 ta
008 220922b |||||||| |||| 00| 0 hin d
024 _a225,735
037 _cTextual
040 _aARTS
_cARTS
_bhin
041 _2hin
_ahin
082 _aO152,1N52x, N6
100 _aध्यानी, नागेन्द्र प्रसाद 'अरूण'
_9167786
245 0 _aअग्निवर्णा
_b प्रबन्ध काव्य
246 _aAgnivarṇā: prabandha kāvya
260 _aगढ़वाल
_b साहित्यांचल प्रकाशन
_c1996
300 _a100पृ.
_ccm.
942 _hO152,1N52x, N6
_cTEXL
_2CC
999 _c369314
_d369314